Catálogo

El financiamiento de la educación superior : (Registro nro. 13478)

Detalles MARC
000 -LEADER
fixed length control field 01423cam a2200337 i 4500
001 - CONTROL NUMBER
control field 13478
003 - CONTROL NUMBER IDENTIFIER
control field Mx-PuUPA
005 - DATE AND TIME OF LATEST TRANSACTION
control field 20260429124019.0
008 - FIXED-LENGTH DATA ELEMENTS--GENERAL INFORMATION
fixed length control field 140415s1995 mx gr 000 0 spa d
020 ## - INTERNATIONAL STANDARD BOOK NUMBER
International Standard Book Number 96862976266
040 ## - CATALOGING SOURCE
Original cataloging agency Mx-PuUPA
Language of cataloging spa
Transcribing agency Mx-PuUPA
Modifying agency Mx-PuUPA
Description conventions rda
041 1# - LANGUAGE CODE
Language code of text/sound track or separate title spa
Language code of original fre
130 3# - MAIN ENTRY--UNIFORM TITLE
Uniform title Le financement de l' enseignement superieur.
245 13 - TITLE STATEMENT
Title El financiamiento de la educación superior :
Remainder of title tendencias actuales /
Statement of responsibility, etc. OCDE ; traducción del original en francés, Cristina Larios Malo
264 #1 - PRODUCTION, PUBLICATION, DISTRIBUTION, MANUFACTURE, AND COPYRIGHT NOTICE
Place of production, publication, distribution, manufacture México :
Name of producer, publisher, distributor, manufacturer ANUIES, Dirección de Servicios Editoriales,
Date of production, publication, distribution, manufacture, or copyright notice 1995
300 ## - PHYSICAL DESCRIPTION
Extent viii, 123 páginas ;
Dimensions 23 cm
336 ## - CONTENT TYPE
Fuente rdacontent
Content type term texto
Content type code txt
337 ## - MEDIA TYPE
Source rdamedia
Media type term sin medio
Media type code n
338 ## - CARRIER TYPE
Source rdacarrier
Carrier type term volumen
Carrier type code nc
490 0# - SERIES STATEMENT
Series statement Colección Biblioteca de la Educación Superior
650 #7 - SUBJECT ADDED ENTRY--TOPICAL TERM
Source of heading or term armarc
Topical term or geographic name entry element Educación superior
General subdivision Finanzas
650 #7 - SUBJECT ADDED ENTRY--TOPICAL TERM
Source of heading or term armarc
Topical term or geographic name entry element Educación superior
General subdivision Aspectos económicos
650 #7 - SUBJECT ADDED ENTRY--TOPICAL TERM
Source of heading or term armarc
Topical term or geographic name entry element Estudiantes
General subdivision Asistencia económica
650 #7 - SUBJECT ADDED ENTRY--TOPICAL TERM
Source of heading or term armarc
Topical term or geographic name entry element Educación superior y Estado
700 1# - ADDED ENTRY--PERSONAL NAME
Personal name Larios Malo, Cristina,
Relator term traductor
765 0# - ORIGINAL LANGUAGE ENTRY
Main entry heading Larios Malo, Cristina,
Place, publisher, and date of publication París : Organisation for Economic Cooperation and Development, 1990
Title Le financement de l' enseignement superieur.
767 0# - TRANSLATION ENTRY
Title Financing higher education. current petterns.
942 ## - ADDED ENTRY ELEMENTS (KOHA)
Source of classification or shelving scheme Dewey Decimal Classification
Koha item type Libro
Classification part 378.106
Item part F4518
Existencias
Withdrawn status Lost status Source of classification or shelving scheme Damaged status Not for loan Collection code Home library Current library Shelving location Date acquired Source of acquisition Total Checkouts Full call number Barcode Date last seen Copy number Price effective from Koha item type
    Dewey Decimal Classification     General Biblioteca Karol Wojtyla Biblioteca Karol Wojtyla Sala general 03/12/2013 Compra   378.106 F4518 1995 040071 05/01/2026 Ej.2 03/12/2013 Libro
    Dewey Decimal Classification     General Biblioteca Karol Wojtyla Biblioteca Karol Wojtyla Sala general 03/12/2013 Compra   378.106 F4518 1995 030308 05/01/2026   03/12/2013 Libro
    Dewey Decimal Classification     General Tehuacán Tehuacán Sala general 03/12/2013 Compra   378.106 F4518 1995 968000003083 08/01/2025   03/12/2013 Libro